000 00749nam a2200205Ia 4500
005 20260121110238.0
008 008 260114s9999 xx 000 0 hin d
020 _a9788132357278
037 _aEBOOK
040 _aCRL
_bhin
_cCRL
041 _ahin
_2hin
084 _qCRL
100 _aसंघर्ष सिंह / Sangharsh Singh
_9943831
245 0 _a21वीं सदी का भारतः ग्रामीण विकास के संदर्भ में / 21vi Sadi Ka Bharat: Grameen Vikas Ke Sandarbh Mein
260 _bभाषा प्रकाशन / Bhasha Prakashan
_c2021
856 _uhttps://bhashaprakashan.com/product-details/378868
942 _cEBOOK
999 _c1535496
_d1535496